000 01346cad a22002175a 4500
001 L146574
008 090204s2009 xxuad f s 000 0 eng d
035 _a(Sirsi) u146574
041 0 _aeng
100 1 _aNelson, Andrew J.
245 0 0 _aHow green a recession?
_bsustainability prospects in the US real estate industry
_h[electronic resource]
260 _a[S.l.]
_bRREEF
_c2009
490 0 4 _aRREEF Research
_v(70) January 2009
520 _aReports on a research done to measure the impact of the American recession on sustainable real estate. Finds that the recession will not stop the market interest for sustainable buildings but will only slow it down. The crisis reduces the quantity of new buildings developed, but the amount of sustainable buildings in construction and those completed, awaiting certification will be sufficient to fill the market needs through the recession. Suggests that several market forces, including government policies and tenant demand, will continue to encourage sustainability.
590 _aKA NTK
651 4 _aUnited States
_y1959-
690 _aPROPERTY-COMMERCIAL PROPERTY-COMMERCIAL PROPERTY MARKET
690 _aBUILT ENVIRONMENT-SUSTAINABLE CONSTRUCTION
856 4 0 _uhttps://www.rreef.com/cps/rde/xchg/ai_en/hs.xsl/3157.html
_zView the report free of charge at www.rreef.com....
942 _n0
999 _c109222
_d109222